Contagio: el poder del boca a boca en la comunicación viral (Registro nro. 10977)

Detalles MARC
000 -Cabecera
Campo de control de longitud fija 00999nam a22003857a 4500
005 - Fecha y hora de la última transacción
Campo de control 20250530120029.0
008 - Elementos de longitud fija--Información general
Campo de control de longitud fija 180807b2013 xxu||||| |||| 00| 0 spa d
020 ## - International Standard Book Number
Número Internacional Estándar del Libro (ISBN) 9789871826520
041 ## - Idioma
Código de idioma
082 ## - Clasificación Decimal Dewey
Número de clasificación 658.802 B496c
100 ## - Entrada principal--Autor personal
Nombre personal Berger, Jonah
9 (RLIN) 48981
245 ## - Título propiamente dicho
Título Contagio: el poder del boca a boca en la comunicación viral
260 ## - Pie de imprenta
Lugar de publicación, distribución, etc. Argentina
260 ## - Pie de imprenta
Nombre del editor, distribuidor, etc. Temas
260 ## - Pie de imprenta
Fecha de publicación, distribución, etc. 2013
300 ## - Descripción física
Extensión 236 páginas
650 ## - Materia general
Temática (materia general) TEMAS GENERALES DE GERENCIA DE MERCADEO
650 ## - Materia general
Temática (materia general) COMUNICACIÓN EN LOS NEGOCIOS
650 ## - Materia general
Temática (materia general) ADMINISTRACIÓN DE VENTAS
650 ## - Materia general
Temática (materia general) COMUNICACIÓN ORAL
650 ## - Materia general
Temática (materia general) MARKETING
650 ## - Materia general
Temática (materia general) MERCADEO
650 ## - Materia general
Temática (materia general) CALIDAD
650 ## - Materia general
Temática (materia general) PUBLICIDAD
650 ## - Materia general
Temática (materia general) PUBLICIDAD NEGATIVA
650 ## - Materia general
Temática (materia general) INFLUENCIA SOCIAL
650 ## - Materia general
Temática (materia general) MONEDA SOCIAL
650 ## - Materia general
Temática (materia general) DISPARADORES
650 ## - Materia general
Temática (materia general) PÚBLICO
650 ## - Materia general
Temática (materia general) VALOR PRÁCTICO
650 ## - Materia general
Temática (materia general) HISTORIAS
650 ## - Materia general
Temática (materia general) EPÍLOGO
942 ## - Punto de acceso adicional KOHA
Tipo de ítem KOHA Libro
Fuente del sistema de clasificación o colocación Dewey Decimal Classification
Existencias
Signatura completa Código de barras Programa Académico Tipo de ítem
658.802 B496c 23298 Dirección y Administración de Empresas Libro